Leader xxxxxxxxxx
001 __ PCLIS00039811
005 __ 20060725110226.0
008 __ chi
010 0_ |a957-29902-0-9|b平裝|dNT$220
090 __ |a(nbi)b74449163
090 __ |a(nbi)b74449163
100 __ |a20050422d2004 k y0chiy09 e
101 0_ |achi
102 __ |atw
105 __ |aa z 000yy
200 1_ |a我的愛情特別酷|e青少年的感情故事|f曲慧娟.林嘉萍.賴妮蔚著
205 __ |a初版
210 __ |a臺北市|c頂點出版|c師大書苑總經銷|d2004[民93]
215 0_ |a174面|c圖|d21公分
225 12 |a酷樣校園|v1
260 1_ |a2004
300 __ |a
517 11 |a青少年的感情故事|zchi
681 __ |a857.61|b5554|v增訂八版
700 _1 |a曲|b慧娟|4著
702 _1 |a張|b嘉萍|4著
702 _1 |a賴|b妮蔚|4著
801 _2 |atw|bPTL|c20060725|gCCR
|